Score 0/10 Timer 01:30
1 Play Today
Clue 5-Letter Word % Correct
Largest city in FrancePARIS
99.5%
Pieces or fragmentsPARTS
88.4%
Bash, fĂȘte, or galaPARTY
85.8%
Former long-time CNN host KingLARRY
84.1%
Ward off a weapon or a blowPARRY
78.5%
A truck, in the UKLORRY
76.9%
Charlie Sheen's former boss ChuckLORRE
53.5%
Former Yankee Manager JoeTORRE
47.3%
Pressure units equvalent to millimeters of mercuryTORRS
23.2%
Largest city in the Centre region of FranceTOURS
17.1%

Today's Daily Dose

Remove Ads.
Support Sporcle.
Get the best of Sporcle when you Go Orange. This ad-free experience offers more features, more stats, and more fun while also helping to support Sporcle. Thank you for becoming a member.

You're not logged in!

Compare scores with friends on all Sporcle quizzes.
OR
Log In

Show Comments

Extras

Top Quizzes Today


Score Distribution

Your Account Isn't Verified!

In order to create a playlist on Sporcle, you need to verify the email address you used during registration. Go to your Sporcle Settings to finish the process.

Report this User

Report this user for behavior that violates our Community Guidelines.

Details: